| 000 | 00423cam a2200169ua 4500 | ||
|---|---|---|---|
| 020 | _c2.00 | ||
| 041 |
_amal _h |
||
| 082 |
_a928.94812 _bGUP/KR |
||
| 100 | _aGuptan Nair, S . | ||
| 245 |
_aKrantha dharshikal / _cS Guptan Nair. _hTextual Documents |
||
| 260 |
_aEranakulam : _bParishath book stall , _c1960. |
||
| 300 | _a162 ; . | ||
| 365 | _a2.00 | ||
| 942 | _cBK | ||
| 999 |
_c4476 _d4476 |
||